Estatísticas para Países do Leste Europeu

Clique aqui para jogar o quiz

Estatísticas Gerais

  • Esse quiz foi jogado 50 vezes
  • A pontuação média é 25 de 30

Estatísticas das Respostas

Resposta% Correto
Letônia
100%
Rússia
100%
Ucrânia
98%
Belarus
96%
Eslováquia
96%
Eslovênia
96%
Estônia
96%
Hungria
96%
Lituânia
96%
Romênia
96%
Macedônia do Norte
93%
Polônia
93%
Bósnia e Herzegovina
89%
Croácia
89%
Kosovo
89%
Montenegro
89%
Sérvia
89%
Bulgária
87%
Armênia
85%
Moldávia
85%
Turquia
83%
Geórgia
78%
Iugoslávia
78%
União Soviética
78%
Chéquia
76%
Azerbaijão
74%
Tchecoslováquia
72%
Cazaquistão
54%
Alemanha Oriental
37%
Sérvia e Montenegro
24%

Distribuição das Pontuações

Percentil de Números Respondidos

Porcentagem de Pessoas com Cada Pontuação

Sua Pontuação Histórica

Você não jogou esse quiz